نظام تقويم الأقران لأداء أعضاء هيئة التدريس في شعبة لغة القرآن في الجامعة الإسلامية العالمية بماليزيا : دراسة تحليلية تقويمية /
Saved in:
| Main Author: | |
|---|---|
| Other Authors: | |
| Format: | Thesis |
| Language: | Arabic |
| Published: |
Jordan :
Jami'at al-Yarmuk, Kulliyat al-Adab,
2000
|
| Subjects: | |
| Tags: |
Add Tag
No Tags, Be the first to tag this record!
|
| LEADER | 023670000a22004090004500 | ||
|---|---|---|---|
| 001 | 209722 | ||
| 005 | 20230420105443.0 | ||
| 008 | 021231s2000 my a g 000 ara d | ||
| 035 | |a (Sirsi) 209722 | ||
| 040 | |a UIAM |b eng | ||
| 041 | 0 | |a ara | |
| 050 | 0 | 0 | |a LB2331.74.M3 |
| 100 | 1 | |a زكريا بن عمر |9 114921 | |
| 242 | 1 | 0 | |a Nizam taqwim al-aqran li-ada' a'da' hay'at al-tadris fi Shu'bat Lughat al-Qur'an fi al-Jami'ah al-Islamiyah al-'Alamiyah bi-Maliziya : |b dirasah tahliliyah taqwimiyah |
| 245 | 1 | 0 | |a نظام تقويم الأقران لأداء أعضاء هيئة التدريس في شعبة لغة القرآن في الجامعة الإسلامية العالمية بماليزيا : |b دراسة تحليلية تقويمية / |c إعداد زكريا بن عمر ؛ إشراف فيصل صفا |
| 246 | 3 | |a Peer appraisal scheme for teaching staff performance at the Qur'anic Language Division at the International Islamic University Malaysia : an evaluational analytical study | |
| 260 | |a Jordan : |b Jami'at al-Yarmuk, Kulliyat al-Adab, |c 2000 | ||
| 300 | |a 233 p. : |b ill, ; |c 30 cm. + |e 2 magnetic disc (3 1/2 in.) | ||
| 336 | |2 rdacontent | ||
| 337 | |2 rdamedia | ||
| 338 | |2 rdacarrier | ||
| 500 | |a Abstracts in English and Arabic | ||
| 500 | |a "قدمت هذه الرسالة استكمالا لمتطلبات درجة الدكتوراه فى جامعة اليرموك" | ||
| 502 | |a Thesis (Ph.D)--Jami'at al-Yarmuk, 2000 | ||
| 600 | 0 | 7 | |a Saupi Man |9 845 |
| 610 | 2 | 0 | |a International Islamic University Malaysia. Qur'anic Language Divsion |9 114922 |
| 610 | 2 | 0 | |a International Islamic University Malaysia |x Departments Evaluation |9 114184 |
| 650 | 0 | |a Teachers |x Rating of |z Malaysia |9 114923 | |
| 655 | 0 | 7 | |a Theses, IIUM foreign |9 13634 |
| 655 | 0 | 7 | |a Theses, IIUM foreign |9 13634 |
| 700 | 1 | 0 | |a Zakaria bin Omar |9 114924 |
| 900 | |a naw-ami | ||
| 942 | |2 lcc |n 0 | ||
| 999 | |c 431559 |d 463050 | ||
| 952 | |0 0 |6 T LB 002331.74 M3Z21N 2000 |7 0 |8 THESES |9 751447 |a IIUM |b IIUM |c MULTIMEDIA |g 0.00 |o t LB2331.74M3Z21N 2000 |p 00000641865 |r 2017-10-19 |t 1 |v 0.00 |y THESIS | ||
| 952 | |0 0 |6 TS DK LB2331.74M3Z21N 2000 |7 0 |9 805745 |a IIUM |b IIUM |g 0.00 |o ts dk LB2331.74M3Z21N 2000 |p 00000641867 |r 2017-11-28 |t 2 |v 0.00 |y BOOKSTRICT | ||
| 952 | |0 0 |6 TS DK LB2331.74M3Z21N 2000 |7 0 |9 805746 |a IIUM |b IIUM |g 0.00 |o ts dk LB2331.74M3Z21N 2000 |p 00000641866 |r 2017-11-28 |t 1 |v 0.00 |y BOOKSTRICT | ||
